The superhet manual / (Record no. 182911)
[ view plain ]
| 000 -LEADER | |
|---|---|
| fixed length control field | 00811 a2200181 4500 |
| 003 - CONTROL NUMBER IDENTIFIER | |
| control field | NUST |
| 005 - DATE AND TIME OF LATEST TRANSACTION | |
| control field | 20230726114817.0 |
| 040 ## - CATALOGING SOURCE | |
| Transcribing agency | Nust |
| 082 ## - DEWEY DECIMAL CLASSIFICATION NUMBER | |
| Classification number | 621.3824,SUR |
| 100 ## - MAIN ENTRY--PERSONAL NAME | |
| Personal name | Camm, F.J. |
| 9 (RLIN) | 41027 |
| 245 ## - TITLE STATEMENT | |
| Title | The superhet manual / |
| Statement of responsibility, etc. | Edited by F. J. Camm |
| 250 ## - EDITION STATEMENT | |
| Edition statement | 3rd ed. |
| 260 ## - PUBLICATION, DISTRIBUTION, ETC. | |
| Place of publication, distribution, etc. | London |
| Name of publisher, distributor, etc. | Geroge Newnes Limited |
| Date of publication, distribution, etc. | 1941 |
| 300 ## - PHYSICAL DESCRIPTION | |
| Extent | 136 p.; |
| 505 ## - FORMATTED CONTENTS NOTE | |
| Formatted contents note | Fundamental Principles of Radio (Page-9), Problems of Selectivity (Page-26), Valve Fundamentals (Page-50), The Principle of the Superhet (Page-78), General Design (Page-91), Aerial Design (Page-96), Variable Selectivity and the Superhet (Page-100), Noise Suppression and A.V.E (Page-106), Tone Control (Page-110), Servicing with the Cathode Ray Tube (Page-116). |
| 650 ## - SUBJECT ADDED ENTRY--TOPICAL TERM | |
| Topical term or geographic name entry element | Telecommunication engineering |
| 942 ## - ADDED ENTRY ELEMENTS (KOHA) | |
| Source of classification or shelving scheme | |
| Koha item type | Book |
| Call number prefix | 621.3824,SUR |
| Withdrawn status | Lost status | Source of classification or shelving scheme | Damaged status | Not for loan | Permanent Location | Current Location | Shelving location | Date acquired | Full call number | Barcode | Date last seen | Price effective from | Koha item type | Public note |
|---|---|---|---|---|---|---|---|---|---|---|---|---|---|---|
| Military College of Signals (MCS) | Military College of Signals (MCS) | General Stacks | 12/12/2016 | 621.3824,SUP | MCS6677 | 12/08/2016 | 12/12/2016 | Book | Almirah No.83, Shelf No.4 | |||||
| Military College of Signals (MCS) | Military College of Signals (MCS) | General Stacks | 12/12/2016 | 621.3824,SUP | MCS7025 | 12/08/2016 | 12/12/2016 | Book | Almirah No.83, Shelf No.4 | |||||
| Military College of Signals (MCS) | Military College of Signals (MCS) | General Stacks | 12/12/2016 | 621.3824,SUP | MCS7091 | 12/08/2016 | 12/12/2016 | Book | Almirah No.83, Shelf No.4 |
